Carregant...

Thaithali

Dades bibliogràfiques
Autors principals: Nath, K G, Prasad, Jayasankar
Format: Printed Book
Publicat: Kochi, C I C C Book House 1991
Matèries:
LEADER 005650000a22001930004500
022 |a 25-07-2004 
041 |a Malayalam 
082 |a 891.43 PRA/T N1.32 
100 |a Nath, K G  |f Tr 
100 |a Prasad, Jayasankar 
245 |a Thaithali 
260 |a Kochi, C I C C Book House 
260 |c 1991 
650 |a Hindi literature 
650 |a Novel  
650 |a Translation Malayalam 
942 |c BK 
999 |c 144965  |d 144961 
952 |0 0  |1 0  |4 0  |6 891_430000000000000_PRA_T_N1_32  |7 0  |9 143741  |a SCC  |b SCC  |d 2017-10-11  |l 0  |o 891.43 PRA/T N1.32  |p SCC07199   |r 2017-10-11  |w 2017-10-11  |y BK